[Event "Collado Villalba op-A 35th"]
[Site "Collado Villalba ESP"]
[Date "2018.08.31"]
[Round "8.6"]
[White "Perez Gonzalez, Jose Manuel"]
[Black "Aziz Ortego, Omar Luis"]
[Result "0-1"]
[WhiteElo "2277"]
[BlackElo "2024"]
[PlyCount "118"]
[EventDate "2018.08.24"]
[EventType "swiss"]
[EventRounds "9"]
[EventCountry "ESP"]
[SourceTitle "Ajedrez en Madrid"]
[Source "lmi"]
[SourceDate "2018.08.24"]

1. e4 e6 2. d4 d5 3. e5 c5 4. c3 Nc6 5. Be3 Nge7 6. Nf3 Nf5 7. Bd3 Nxe3 8. fxe3
f5 9. exf6 gxf6 10. O-O Qc7 11. Nbd2 Qg7 12. e4 dxe4 13. Nxe4 cxd4 14. Nxd4 f5
15. Nxc6 bxc6 16. Nd2 Bc5+ 17. Kh1 O-O 18. Rf3 Kh8 19. Qc2 Rb8 20. Raf1 Bd6 21.
Nc4 Bc7 22. Rh3 c5 23. Rf2 Bb7 24. Nd2 Qg4 25. Nf3 Rbd8 26. Rh4 Qg7 27. Rh3 Rg8
28. Bf1 Qf6 29. Ne1 Rd7 30. Rd2 Rdg7 31. Qd1 Bc6 32. Qh5 Bf4 33. Rf2 Bd6 34.
Qh6 Qe7 35. Qh4 Qf7 36. Be2 Be5 37. Bf3 Bb5 38. Be2 c4 39. Nf3 Bf6 40. Qf4 Qe7
41. Ne5 Qc5 42. Nxc4 Bxc4 43. Bxc4 Rg4 44. Qh6 R8g7 45. Rhf3 R4g6 46. Qf4 e5
47. Qd2 Qxc4 48. Rxf5 Bg5 49. Rf8+ Rg8 50. Qe1 e4 51. Rxg8+ Rxg8 52. b3 Qd3 53.
c4 Rd8 54. Qa1+ Qd4 55. Qf1 Qd1 56. g3 e3 57. Rf8+ Kg7 58. Rf7+ Kg6 59. Kg2
Rd2+ 0-1

[Event "Collado Villalba op-A 35th"]
[Site "Collado Villalba ESP"]
[Date "2018.08.31"]
[Round "8.7"]
[White "Lopez Mijail, Nicolas"]
[Black "Pastor Alonso de Prado, Emilio Alberto"]
[Result "0-1"]
[WhiteElo "1983"]
[BlackElo "2112"]
[PlyCount "30"]
[EventDate "2018.08.24"]
[EventType "swiss"]
[EventRounds "9"]
[EventCountry "ESP"]
[SourceTitle "Ajedrez en Madrid"]
[Source "lmi"]
[SourceDate "2018.08.24"]

1. e4 e6 2. d4 d5 3. Nd2 dxe4 4. Nxe4 Bd7 5. Nf3 Bc6 6. Bd3 Nd7 7. O-O Ngf6 8.
Ng3 Be7 9. Re1 O-O 10. Ne5 Nxe5 11. dxe5 Qd5 12. f3 Bc5+ 13. Kh1 Ng4 14. Ne4
Qxe4 15. Bxe4 Nf2+ 0-1

[Event "Collado Villalba op-A 35th"]
[Site "Collado Villalba ESP"]
[Date "2018.08.31"]
[Round "8.8"]
[White "Cao Armillas, Jesus"]
[Black "Lopez de Turiso, Jose Angel"]
[Result "0-1"]
[WhiteElo "2043"]
[BlackElo "1990"]
[PlyCount "114"]
[EventDate "2018.08.24"]
[EventType "swiss"]
[EventRounds "9"]
[EventCountry "ESP"]
[SourceTitle "Ajedrez en Madrid"]
[Source "lmi"]
[SourceDate "2018.08.24"]

1. d4 Nf6 2. Nf3 d6 3. c4 Bg4 4. Nc3 c6 5. e4 e6 6. Be2 d5 7. cxd5 exd5 8. e5
Nfd7 9. O-O Be7 10. Be3 f6 11. Re1 O-O 12. h3 Bxf3 13. Bxf3 Nb6 14. exf6 Bxf6
15. Qb3 Na6 16. Rad1 Bg5 17. a4 Bxe3 18. Rxe3 Nc4 19. Re2 Na5 20. Qa3 Nc4 21.
Qa1 Qg5 22. Qc1 Qxc1 23. Rxc1 Nb4 24. Nd1 Rae8 25. Ne3 Nd3 26. Rc3 Nf4 27. Rec2
Nxe3 28. fxe3 Nxh3+ 29. Kh2 Ng5 30. Bg4 g6 31. b4 h5 32. Be2 Ne4 33. Rb3 Nd6
34. Kg1 Nf5 35. b5 Nxe3 36. Rd2 Nf5 37. Rb4 Re7 38. Bf3 Ng3 39. Rc2 Rf6 40. a5
h4 41. Rb1 Kg7 42. Kh2 g5 43. a6 cxb5 44. axb7 Rxb7 45. Bxd5 Rd7 46. Bc6 Rxd4
47. Bxb5 a6 48. Rc7+ Kh6 49. Bc4 g4 50. Ra1 a5 51. Bb3 Ne4 52. Bc2 g3+ 53. Kg1
Rfd6 54. Re1 Re6 55. Ra1 Ng5 56. Ra7 Rd2 57. Ba4 h3 0-1

[Event "Collado Villalba op-A 35th"]
[Site "Collado Villalba ESP"]
[Date "2018.08.31"]
[Round "8.9"]
[White "Carrasco Coquillat, Alvaro"]
[Black "Khudov, Oleksandr"]
[Result "0-1"]
[WhiteElo "1865"]
[BlackElo "2021"]
[PlyCount "128"]
[EventDate "2018.08.24"]
[EventType "swiss"]
[EventRounds "9"]
[EventCountry "ESP"]
[SourceTitle "Ajedrez en Madrid"]
[Source "lmi"]
[SourceDate "2018.08.24"]

1. d4 d5 2. c4 dxc4 3. Nf3 Nf6 4. e3 e6 5. Bxc4 c5 6. O-O a6 7. Bb3 Nc6 8. Nc3
cxd4 9. exd4 Be7 10. Re1 O-O 11. d5 exd5 12. Nxd5 Nxd5 13. Bxd5 Bf6 14. Bxc6
bxc6 15. Qc2 Bb7 16. Bf4 Re8 17. Rxe8+ Qxe8 18. Re1 Qd8 19. Qb3 Qd7 20. Rd1 Qe7
21. Bd6 Qe2 22. Re1 Qb5 23. Qc2 Qd5 24. Be7 Bxe7 25. Rxe7 c5 26. Qd2 h6 27.
Qxd5 Bxd5 28. Rc7 Rb8 29. b3 c4 30. Nd2 cxb3 31. Nxb3 Bxb3 32. axb3 Rxb3 33. g3
Rb6 34. Ra7 h5 35. h4 g6 36. Kg2 Kg7 37. Ra8 Kf6 38. Ra7 Ke6 39. Kf3 f5 40. Ra8
Kd5 41. Ke3 Kc4 42. Kd2 Kb3 43. Kc1 Rc6+ 44. Kb1 Rf6 45. Rb8+ Kc3 46. Rd8 f4
47. gxf4 Rxf4 48. Rd6 Rxh4 49. Rxg6 a5 50. Rg5 a4 51. Ka2 Kd3 52. Ra5 Ke2 53.
f4 Kf3 54. f5 Rf4 55. f6 Kg4 56. Ka3 Rxf6 57. Rxa4+ Kg3 58. Ra8 h4 59. Rg8+ Kf2
60. Rh8 Rf4 61. Kb3 Kg3 62. Kc3 h3 63. Kd2 h2 64. Ke2 Rh4 0-1

[Event "Collado Villalba op-A 35th"]
[Site "Collado Villalba ESP"]
[Date "2018.08.31"]
[Round "8.10"]
[White "Camarero Izquierdo, Juan Carlos"]
[Black "Semprun Martinez, Fernando"]
[Result "0-1"]
[WhiteElo "1963"]
[BlackElo "2145"]
[PlyCount "96"]
[EventDate "2018.08.24"]
[EventType "swiss"]
[EventRounds "9"]
[EventCountry "ESP"]
[SourceTitle "Ajedrez en Madrid"]
[Source "lmi"]
[SourceDate "2018.08.24"]

1. d4 d5 2. Nc3 Nf6 3. Bg5 Nbd7 4. f3 c6 5. Qd3 e5 6. e3 h6 7. Bh4 Be7 8. O-O-O
b5 9. g4 e4 10. fxe4 b4 11. Nce2 Nxe4 12. Bxe7 Qxe7 13. Nh3 a5 14. Re1 Ndf6 15.
Bg2 Bxg4 16. Rhf1 O-O 17. Ng3 a4 18. Bxe4 dxe4 19. Qd2 Bxh3 20. Rf4 a3 21. b3
Rac8 22. Rh4 Qe6 23. Qxb4 g5 24. Rxh6 Kg7 25. Rxf6 Kxf6 26. Qxa3 Kg6 27. Rg1
Rh8 28. Qc5 Qd5 29. Qe7 Rce8 30. Qb4 Bg4 31. c4 Qe6 32. Nf1 Be2 33. Qc5 f6 34.
Nd2 Rxh2 35. Kc2 Rc8 36. Rg3 Qf5 37. Kc3 Qxc5 38. dxc5 f5 39. a4 Rd8 40. Nb1
Rd3+ 41. Kb4 Rh8 42. Nc3 Rb8+ 43. Nb5 Bd1 44. Ka5 Rxb3 45. Rg1 Be2 46. Rc1 Bxc4
47. Rxc4 cxb5 48. axb5 R8xb5+ 0-1

[Event "Collado Villalba op-A 35th"]
[Site "Collado Villalba ESP"]
[Date "2018.08.31"]
[Round "8.11"]
[White "Unciti Juan, Javier"]
[Black "Cuellar Gutierrez, Raul"]
[Result "1-0"]
[WhiteElo "1999"]
[BlackElo "1927"]
[PlyCount "95"]
[EventDate "2018.08.24"]
[EventType "swiss"]
[EventRounds "9"]
[EventCountry "ESP"]
[SourceTitle "Ajedrez en Madrid"]
[Source "lmi"]
[SourceDate "2018.08.24"]

1. e4 e6 2. d4 d5 3. Nc3 Nf6 4. Bg5 dxe4 5. Nxe4 Be7 6. Bxf6 gxf6 7. Nf3 f5 8.
Nc3 a6 9. g3 b5 10. Bg2 Bb7 11. O-O Qd6 12. Ne5 Bxg2 13. Kxg2 Nd7 14. Qf3 O-O
15. Nc6 Bf6 16. Rfe1 Bg7 17. Rad1 b4 18. Ne2 e5 19. dxe5 Nxe5 20. Nxe5 Qxe5 21.
Nd4 Qf6 22. Nxf5 Rae8 23. Nxg7 Qxf3+ 24. Kxf3 Rxe1 25. Rxe1 Kxg7 26. Re4 a5 27.
Re5 Ra8 28. Rc5 Ra7 29. Rc6 Kf8 30. Ke4 Rb7 31. h4 a4 32. b3 axb3 33. axb3 Kg7
34. Kd5 Rb5+ 35. Rc5 Rb6 36. Rxc7 Rf6 37. Kc4 Rxf2 38. Kxb4 Rf3 39. Rc3 Rf5 40.
Kc4 Re5 41. Rd3 f5 42. b4 Re4+ 43. Kc5 f4 44. gxf4 Rxf4 45. Rd4 Rf5+ 46. Kc4 h5
47. b5 Rf2 48. c3 1-0

[Event "Collado Villalba op-A 35th"]
[Site "Collado Villalba ESP"]
[Date "2018.08.31"]
[Round "8.12"]
[White "Sotoca Aguado, Jose"]
[Black "Martin Martin, Luis Vicente"]
[Result "1/2-1/2"]
[WhiteElo "1920"]
[BlackElo "1998"]
[PlyCount "110"]
[EventDate "2018.08.24"]
[EventType "swiss"]
[EventRounds "9"]
[EventCountry "ESP"]
[SourceTitle "Ajedrez en Madrid"]
[Source "lmi"]
[SourceDate "2018.08.24"]

1. e4 c5 2. Nf3 g6 3. Nc3 Bg7 4. g3 Nc6 5. Bg2 Nf6 6. O-O O-O 7. d3 d6 8. Bg5
Nd4 9. Nxd4 cxd4 10. Ne2 h6 11. Bd2 e5 12. c4 dxc3 13. Bxc3 b6 14. d4 Bb7 15.
f3 Nd7 16. Qd2 d5 17. Rad1 dxe4 18. fxe4 exd4 19. Bxd4 Nc5 20. Bxg7 Qxd2 21.
Rxd2 Kxg7 22. Nc3 Rad8 23. Rfd1 Rxd2 24. Rxd2 f6 25. b4 Ne6 26. Rd6 Nc7 27. Kf2
Rf7 28. Bf1 Na6 29. a3 Nb8 30. Nd5 Nd7 31. Ke3 Ne5 32. h3 Rd7 33. Nxf6 Rf7 34.
Ne8+ Kf8 35. Re6 Re7 36. Rxe7 Kxe7 37. Nc7 Bc6 38. Nb5 Bxb5 39. Bxb5 g5 40. Be2
Kd6 41. Bb5 Ng6 42. Kd4 Ne5 43. Be2 Nc6+ 44. Ke3 Ne5 45. h4 Ke7 46. hxg5 hxg5
47. Kd4 Kd6 48. a4 Nc6+ 49. Kc4 Ne5+ 50. Kb5 Kc7 51. a5 Nc6 52. axb6+ axb6 53.
Kc4 Kd6 54. b5 Ne5+ 55. Kd4 Nf7 1/2-1/2

[Event "Collado Villalba op-A 35th"]
[Site "Collado Villalba ESP"]
[Date "2018.08.31"]
[Round "8.13"]
[White "Garcia Galeote, Lorenzo"]
[Black "Rojas Pozo, Jose Luis"]
[Result "0-1"]
[WhiteElo "1899"]
[BlackElo "1966"]
[PlyCount "66"]
[EventDate "2018.08.24"]
[EventType "swiss"]
[EventRounds "9"]
[EventCountry "ESP"]
[SourceTitle "Ajedrez en Madrid"]
[Source "lmi"]
[SourceDate "2018.08.24"]

1. f4 d5 2. e3 Nf6 3. Nf3 g6 4. b3 Bg7 5. Bb2 Bg4 6. Be2 O-O 7. O-O Nbd7 8. d3
c6 9. h3 Bxf3 10. Bxf3 Re8 11. Be5 Nxe5 12. fxe5 Nd7 13. d4 f6 14. c4 fxe5 15.
cxd5 exd4 16. Na3 Ne5 17. exd4 Nxf3+ 18. Rxf3 Qxd5 19. Kh1 Qxd4 20. Qxd4 Bxd4
21. Rd1 e5 22. b4 Rad8 23. Nc2 Bb6 24. Re1 e4 25. Rc3 Bf2 26. Re2 Bb6 27. g3
Kf8 28. Rc4 e3 29. a4 Rd2 30. Re1 e2 31. Kg2 a5 32. bxa5 Bxa5 33. Nd4 Rxd4 0-1

[Event "Collado Villalba op-A 35th"]
[Site "Collado Villalba ESP"]
[Date "2018.08.31"]
[Round "8.14"]
[White "Martin Arbeloa, Fernando"]
[Black "Lopez Heras, Arturo"]
[Result "0-1"]
[WhiteElo "1918"]
[BlackElo "1863"]
[PlyCount "72"]
[EventDate "2018.08.24"]
[EventType "swiss"]
[EventRounds "9"]
[EventCountry "ESP"]
[SourceTitle "Ajedrez en Madrid"]
[Source "lmi"]
[SourceDate "2018.08.24"]

1. d4 d5 2. c4 e6 3. Nc3 Nf6 4. cxd5 exd5 5. Bg5 Be7 6. e3 c6 7. Bd3 O-O 8. Qc2
h6 9. Bh4 Re8 10. Nf3 Nbd7 11. O-O Nf8 12. h3 Ne4 13. Bxe7 Qxe7 14. Ne5 f6 15.
Nf3 Bf5 16. Rfe1 Bh7 17. a3 Kh8 18. b4 a6 19. Nd2 f5 20. Ndxe4 fxe4 21. Bf1 Ne6
22. Qd2 Rf8 23. Rec1 Rf7 24. Nd1 Raf8 25. Qe1 Bf5 26. Ra2 Ng5 27. Rcc2 Bxh3 28.
f4 exf3 29. gxh3 f2+ 30. Rxf2 Nf3+ 31. Rxf3 Rxf3 32. Rf2 Qg5+ 33. Bg2 R8f6 34.
Kh1 Rxf2 35. Nxf2 Rg6 36. Bf3 Qg3 0-1

[Event "Collado Villalba op-A 35th"]
[Site "Collado Villalba ESP"]
[Date "2018.08.31"]
[Round "8.15"]
[White "Camacho Casado, Natalio"]
[Black "Perez Vazquez, Manuel"]
[Result "1-0"]
[WhiteElo "1836"]
[BlackElo "1903"]
[PlyCount "105"]
[EventDate "2018.08.24"]
[EventType "swiss"]
[EventRounds "9"]
[EventCountry "ESP"]
[SourceTitle "Ajedrez en Madrid"]
[Source "lmi"]
[SourceDate "2018.08.24"]

1. d4 g6 2. c4 Bg7 3. Nc3 d6 4. e4 Nf6 5. f4 c5 6. d5 O-O 7. Nf3 Bg4 8. Be2 Na6
9. O-O Nd7 10. h3 Bxf3 11. Bxf3 Nc7 12. Be3 Rb8 13. a4 a6 14. Be2 b6 15. Kh1
Ne8 16. Qd2 Rb7 17. g4 e6 18. g5 Bxc3 19. Qxc3 e5 20. f5 f6 21. h4 Kg7 22. Bd2
fxg5 23. hxg5 Rh8 24. Qh3 Nf8 25. f6+ Kf7 26. Bg4 Nc7 27. Qh6 Rg8 28. Qh3 Rh8
29. Rf2 a5 30. Raf1 Qe8 31. b3 Ra7 32. Qh6 Rg8 33. Rh2 Qb8 34. Kg2 Rb7 35. Rfh1
Qa7 36. Qh3 Rh8 37. Bc8 Rb8 38. Qg4 Qa8 39. Be6+ Ncxe6 40. dxe6+ Ke8 41. e7 Qb7
42. exf8=Q+ Kxf8 43. Kf3 Rd8 44. Qe6 Qd7 45. Qe7+ Qxe7 46. fxe7+ Kxe7 47. Rxh7+
Rxh7 48. Rxh7+ Ke6 49. Rg7 Rf8+ 50. Kg2 Rh8 51. Rxg6+ Ke7 52. Rh6 Rf8 53. Rh7+
1-0

[Event "Collado Villalba op-A 35th"]
[Site "Collado Villalba ESP"]
[Date "2018.08.31"]
[Round "8.16"]
[White "Carrasco Coquillat, Jorge"]
[Black "Martin Consuegra, Barrilero Javier"]
[Result "0-1"]
[WhiteElo "1799"]
[BlackElo "1766"]
[PlyCount "54"]
[EventDate "2018.08.24"]
[EventType "swiss"]
[EventRounds "9"]
[EventCountry "ESP"]
[SourceTitle "Ajedrez en Madrid"]
[Source "lmi"]
[SourceDate "2018.08.24"]

1. c4 d6 2. Nc3 e5 3. g3 c6 4. Bg2 Nf6 5. e4 Be7 6. Nge2 O-O 7. d4 Nbd7 8. O-O
a6 9. a4 a5 10. h3 Qc7 11. f4 exd4 12. Nxd4 Nc5 13. g4 Ne8 14. g5 f6 15. h4 g6
16. f5 Ng7 17. Qc2 Bd7 18. Nce2 Rae8 19. Rf2 Qd8 20. fxg6 hxg6 21. Nf4 Kh7 22.
e5 f5 23. Nf3 Ne4 24. Re2 dxe5 25. Nd3 Bd6 26. Nd2 Ng3 27. Re1 e4 0-1

[Event "Collado Villalba op-A 35th"]
[Site "Collado Villalba ESP"]
[Date "2018.09.01"]
[Round "9.1"]
[White "Quispe Arteaga, Gabriel"]
[Black "Longa Yauca, Javier"]
[Result "1/2-1/2"]
[WhiteElo "2312"]
[BlackElo "2268"]
[PlyCount "41"]
[EventDate "2018.08.24"]
[EventType "swiss"]
[EventRounds "9"]
[EventCountry "ESP"]
[SourceTitle "Ajedrez en Madrid"]
[Source "lmi"]
[SourceDate "2018.08.24"]

1. d4 Nf6 2. c4 e6 3. Nf3 b6 4. g3 Bb7 5. Bg2 c5 6. O-O cxd4 7. Qxd4 Nc6 8. Qf4
Be7 9. Nc3 O-O 10. Rd1 d6 11. b3 Qb8 12. Bb2 a6 13. Rac1 b5 14. Ne4 Nxe4 15.
Qxe4 Ne5 16. Qe3 Nxf3+ 17. Bxf3 Bxf3 18. Qxf3 Rc8 19. Qg4 Bf8 20. Rc3 bxc4 21.
Rxc4 1/2-1/2

[Event "Collado Villalba op-A 35th"]
[Site "Collado Villalba ESP"]
[Date "2018.09.01"]
[Round "9.2"]
[White "Martin Duque, Jesus"]
[Black "Elissalt Cardenas, Hector"]
[Result "1-0"]
[WhiteElo "2378"]
[BlackElo "2323"]
[PlyCount "97"]
[EventDate "2018.08.24"]
[EventType "swiss"]
[EventRounds "9"]
[EventCountry "ESP"]
[SourceTitle "Ajedrez en Madrid"]
[Source "lmi"]
[SourceDate "2018.08.24"]

1. e4 d6 2. d4 Nf6 3. Nc3 e5 4. Nf3 Nbd7 5. Bc4 Be7 6. a4 a5 7. Ng5 d5 8. exd5
O-O 9. O-O h6 10. Nge4 Nxe4 11. Nxe4 Nb6 12. Bb3 Nxd5 13. dxe5 Be6 14. Qe2 Qc8
15. Ba2 Nb6 16. b3 Nd5 17. c4 Nb4 18. Bb1 Bf5 19. Bb2 Qe6 20. Nc3 c6 21. Bxf5
Qxf5 22. Ne4 Rad8 23. Rad1 Rfe8 24. f3 b6 25. Rxd8 Rxd8 26. Rd1 Bc5+ 27. Kh1
Rxd1+ 28. Qxd1 Qf4 29. e6 fxe6 30. Nxc5 bxc5 31. Qd8+ Kh7 32. Qe7 e5 33. Qxe5
Qf7 34. h3 Kg8 35. Qe4 Qd7 36. Qg4 Qf7 37. Kg1 Nd3 38. Bc3 Nc1 39. Bxa5 Nxb3
40. Bc3 h5 41. Qc8+ Kh7 42. Qxc6 Nc1 43. Qe4+ Kh8 44. Kh2 Na2 45. Be5 Nb4 46.
a5 Qe7 47. Bg3 Qf6 48. Qe8+ Kh7 49. Qxh5+ 1-0

[Event "Collado Villalba op-A 35th"]
[Site "Collado Villalba ESP"]
[Date "2018.09.01"]
[Round "9.3"]
[White "Pastor Alonso de Prado, Emilio Alberto"]
[Black "Valles Moreno, Ivan"]
[Result "0-1"]
[WhiteElo "2112"]
[BlackElo "2416"]
[PlyCount "94"]
[EventDate "2018.08.24"]
[EventType "swiss"]
[EventRounds "9"]
[EventCountry "ESP"]
[SourceTitle "Ajedrez en Madrid"]
[Source "lmi"]
[SourceDate "2018.08.24"]

1. e4 c5 2. c3 d5 3. exd5 Qxd5 4. Nf3 Nc6 5. Na3 Bf5 6. Bc4 Qd7 7. O-O a6 8.
Re1 e6 9. Nc2 Nf6 10. d4 Be7 11. Bd3 Bxd3 12. Qxd3 O-O 13. Bf4 Nh5 14. Be3 e5
15. Rad1 cxd4 16. cxd4 Rad8 17. Bc1 exd4 18. Ncxd4 Bf6 19. Be3 Nxd4 20. Nxd4
Qa4 21. Qb3 Qxb3 22. axb3 g6 23. Rd2 Ng7 24. Red1 Rd5 25. b4 h5 26. Kf1 Rc8 27.
Nb3 Rb5 28. Bd4 Bg5 29. Rd3 Rxb4 30. Nd2 Ne6 31. Bc3 Rb5 32. Ne4 Be7 33. Rd7
Kf8 34. Nd6 Bxd6 35. R1xd6 a5 36. Rd5 Rxd5 37. Rxd5 a4 38. Rd7 Rc7 39. Rd6 Ke8
40. Rb6 Kd7 41. Be5 Rc5 42. Bf6 Kc7 43. Rb4 b5 44. Re4 Kc6 45. Ke1 Rf5 46. Be7
Nf4 47. g3 Nd3+ 0-1

[Event "Collado Villalba op-A 35th"]
[Site "Collado Villalba ESP"]
[Date "2018.09.01"]
[Round "9.4"]
[White "Khudov, Oleksandr"]
[Black "Mkrtchyan, Levon"]
[Result "1/2-1/2"]
[WhiteElo "2021"]
[BlackElo "2128"]
[PlyCount "77"]
[EventDate "2018.08.24"]
[EventType "swiss"]
[EventRounds "9"]
[EventCountry "ESP"]
[SourceTitle "Ajedrez en Madrid"]
[Source "lmi"]
[SourceDate "2018.08.24"]

1. d4 c5 2. c3 cxd4 3. cxd4 Nf6 4. Nc3 d5 5. Nf3 Qb6 6. Qb3 Qxb3 7. axb3 Nc6 8.
Nb5 Kd8 9. Ng5 Be6 10. Bf4 Kd7 11. Nc7 Rc8 12. Ncxe6 fxe6 13. e3 a6 14. Bd3 g6
15. O-O Bg7 16. h3 Rhf8 17. Be5 h6 18. Nf3 g5 19. Rac1 Ne8 20. Bxg7 Nxg7 21.
Ne5+ Nxe5 22. dxe5 Rxc1 23. Rxc1 Rc8 24. Rxc8 Kxc8 25. g4 Kd7 26. Kg2 Kc6 27.
b4 d4 28. Be4+ Kb5 29. exd4 Kxb4 30. Bxb7 a5 31. Kf3 Kb3 32. Ke4 Kxb2 33. Bc6
Kb3 34. d5 exd5+ 35. Bxd5+ Kc3 36. f4 gxf4 37. Kxf4 a4 38. e6 a3 39. h4 1/2-1/2

[Event "Collado Villalba op-A 35th"]
[Site "Collado Villalba ESP"]
[Date "2018.09.01"]
[Round "9.5"]
[White "Reyes Peñas, Sebastian"]
[Black "Lopez de Turiso, Jose Angel"]
[Result "1/2-1/2"]
[WhiteElo "2103"]
[BlackElo "1990"]
[PlyCount "153"]
[EventDate "2018.08.24"]
[EventType "swiss"]
[EventRounds "9"]
[EventCountry "ESP"]
[SourceTitle "Ajedrez en Madrid"]
[Source "lmi"]
[SourceDate "2018.08.24"]

1. e4 g6 2. d4 Bg7 3. c4 c6 4. Nc3 d6 5. Be3 e6 6. Qd2 d5 7. c5 b5 8. cxb6 axb6
9. e5 Ba6 10. Bxa6 Nxa6 11. f4 h5 12. Nf3 Nh6 13. Bf2 Nf5 14. O-O O-O 15. g3 c5
16. h3 Re8 17. Kg2 cxd4 18. Nxd4 Nxd4 19. Qxd4 Nc5 20. b4 Nd7 21. Nb5 Bf8 22.
a4 Qb8 23. Rfc1 Rc8 24. Rc3 Qb7 25. Rac1 Rc4 26. Rxc4 dxc4+ 27. Kg1 Bxb4 28.
Rxc4 Bc5 29. Qd1 Bxf2+ 30. Kxf2 Nc5 31. Qf3 Qxf3+ 32. Kxf3 Rxa4 33. Rxa4 Nxa4
34. g4 hxg4+ 35. hxg4 Nc5 36. Ke3 Kf8 37. Kd4 Nb7 38. Kc4 Na5+ 39. Kb4 Nc6+ 40.
Kc4 g5 41. fxg5 Nxe5+ 42. Kd4 Nf3+ 43. Ke3 Nxg5 44. Nd6 f6 45. Kd4 Kg7 46. Nc8
b5 47. Nd6 b4 48. Kc4 Nf7 49. Ne8+ Kg6 50. Kxb4 Ne5 51. Nc7 Kf7 52. g5 fxg5 53.
Kc5 Kf6 54. Kd4 Kf5 55. Ke3 Nc4+ 56. Kf3 Nd6 57. Kg3 Ne4+ 58. Kg2 g4 59. Ne8 e5
60. Nc7 Nc3 61. Na6 Nd5 62. Kg3 Kg5 63. Nc5 Nf6 64. Nd3 Nh5+ 65. Kf2 Kf5 66.
Ne1 e4 67. Ng2 Nf4 68. Ne3+ Kg5 69. Nc4 Kh4 70. Nd2 Nh3+ 71. Ke3 Ng5 72. Nb3 g3
73. Nd4 Kh3 74. Ne2 Kg2 75. Kf4 Nh3+ 76. Kxe4 Nf2+ 77. Kd5 1/2-1/2

[Event "Collado Villalba op-A 35th"]
[Site "Collado Villalba ESP"]
[Date "2018.09.01"]
[Round "9.6"]
[White "Aziz Ortego, Omar Luis"]
[Black "Andrade Sandoval, Bianca"]
[Result "1/2-1/2"]
[WhiteElo "2024"]
[BlackElo "1890"]
[PlyCount "170"]
[EventDate "2018.08.24"]
[EventType "swiss"]
[EventRounds "9"]
[EventCountry "ESP"]
[SourceTitle "Ajedrez en Madrid"]
[Source "lmi"]
[SourceDate "2018.08.24"]

1. e4 e6 2. c4 c5 3. Nc3 a6 4. Nf3 Qc7 5. d4 cxd4 6. Nxd4 Nf6 7. Be2 Bb4 8. f3
d5 9. Qa4+ Nc6 10. Nxc6 Bxc3+ 11. bxc3 Qxc6 12. Qxc6+ bxc6 13. cxd5 cxd5 14. e5
Nd7 15. f4 f6 16. exf6 Nxf6 17. Be3 Ne4 18. Bd4 O-O 19. Be5 Bd7 20. c4 Rfc8 21.
cxd5 exd5 22. O-O Rc2 23. Bd3 Rd2 24. Rfd1 Be6 25. Rxd2 Nxd2 26. Rc1 Nc4 27.
Bd4 Rb8 28. Re1 Re8 29. Rb1 Bc8 30. Rb8 g6 31. Kf2 Rf8 32. Bc5 Re8 33. Bd4 Rf8
34. g3 Bf5 35. Rxf8+ Kxf8 36. Ke2 Bg4+ 37. Ke1 Ke7 38. Bf1 Bf5 39. Kd1 Kd6 40.
Kc1 Kc6 41. Bg2 Kd6 42. Bf3 h5 43. Bd1 Ke6 44. Ba4 Kd6 45. Be8 Ke7 46. Bc6 Kd6
47. Bb7 a5 48. Ba6 Bd7 49. Kc2 Na3+ 50. Kb3 Nb5 51. Bg1 Kc7 52. a4 Nd6 53. Bd3
Ne4 54. Be3 Bf5 55. Kc2 Bd7 56. Kb3 Bf5 57. Bc2 Kc6 58. Kb2 Be6 59. Bd4 Bd7 60.
Bd3 Kc7 61. Ka3 Bf5 62. Bb5 Kb7 63. Kb2 Nd6 64. Be2 Bd7 65. Bd1 Nc4+ 66. Kc3
Nd6 67. Bc5 Nf5 68. Bf2 Kc6 69. Kd3 Nd6 70. Kd4 Nc4 71. Bc2 Bf5 72. Bxf5 gxf5
73. Be1 Kd6 74. Bc3 Nb6 75. Bxa5 Nxa4 76. Bb4+ Ke6 77. Ba3 Nb6 78. Bb2 Nc4 79.
Bc3 Nd6 80. Ke3 Ne4 81. Bb4 Nf6 82. Kd4 Ng4 83. h3 Nf2 84. Ke3 Ne4 85. Be1 Nf6
1/2-1/2

[Event "Collado Villalba op-A 35th"]
[Site "Collado Villalba ESP"]
[Date "2018.09.01"]
[Round "9.7"]
[White "Brull Cortes, Boris"]
[Black "Perez Gonzalez, Jose Manuel"]
[Result "1-0"]
[WhiteElo "2029"]
[BlackElo "2277"]
[PlyCount "69"]
[EventDate "2018.08.24"]
[EventType "swiss"]
[EventRounds "9"]
[EventCountry "ESP"]
[SourceTitle "Ajedrez en Madrid"]
[Source "lmi"]
[SourceDate "2018.08.24"]

1. e4 d6 2. d4 Nf6 3. Nc3 g6 4. Be3 c6 5. f3 Qb6 6. Qd2 Qxb2 7. Rb1 Qa3 8. Bc4
Nbd7 9. Bb3 Bg7 10. Bh6 Bxh6 11. Qxh6 a5 12. Nge2 a4 13. Bxa4 Rxa4 14. Rb3 b5
15. Rxa3 Rxa3 16. Qc1 b4 17. Qb2 Rxc3 18. Nxc3 bxc3 19. Qxc3 c5 20. O-O O-O 21.
Rb1 cxd4 22. Qxd4 Ba6 23. Qa7 Bc4 24. Rb4 Be6 25. a4 Rc8 26. a5 Rxc2 27. a6 Nc5
28. Qb8+ Kg7 29. a7 Na6 30. Qd8 Nxb4 31. a8=Q g5 32. h4 gxh4 33. Qh8+ Kg6 34.
Qaf8 Kg5 35. Qxe7 1-0

[Event "Collado Villalba op-A 35th"]
[Site "Collado Villalba ESP"]
[Date "2018.09.01"]
[Round "9.8"]
[White "Semprun Martinez, Fernando"]
[Black "Unciti Juan, Javier"]
[Result "0-1"]
[WhiteElo "2145"]
[BlackElo "1999"]
[PlyCount "54"]
[EventDate "2018.08.24"]
[EventType "swiss"]
[EventRounds "9"]
[EventCountry "ESP"]
[SourceTitle "Ajedrez en Madrid"]
[Source "lmi"]
[SourceDate "2018.08.24"]

1. e4 e6 2. d4 d5 3. Nc3 Bb4 4. e5 b6 5. a3 Bf8 6. Nf3 Nc6 7. b4 Bb7 8. Bg5 Qd7
9. Bd3 f6 10. exf6 gxf6 11. Bf4 O-O-O 12. O-O Bd6 13. Bg3 Nge7 14. b5 Na5 15.
Nh4 Ng6 16. f4 Nxh4 17. Bxh4 Qg7 18. Qe2 Rde8 19. a4 Rhg8 20. Rf2 f5 21. Qe3
Nc4 22. Bxc4 dxc4 23. g3 Qg4 24. Kf1 Qh3+ 25. Ke1 Rg4 26. Ne2 Rxh4 27. Ng1 Qg4
0-1

[Event "Collado Villalba op-A 35th"]
[Site "Collado Villalba ESP"]
[Date "2018.09.01"]
[Round "9.9"]
[White "Fernandez de Pablo, Miguel Angel"]
[Black "Lopez Mijail, Nicolas"]
[Result "1-0"]
[WhiteElo "2107"]
[BlackElo "1983"]
[PlyCount "69"]
[EventDate "2018.08.24"]
[EventType "swiss"]
[EventRounds "9"]
[EventCountry "ESP"]
[SourceTitle "Ajedrez en Madrid"]
[Source "lmi"]
[SourceDate "2018.08.24"]

1. e4 c5 2. Nf3 e6 3. d4 cxd4 4. Nxd4 Nc6 5. Nc3 Qc7 6. Be2 a6 7. O-O Nf6 8.
Be3 Be7 9. f4 d6 10. a4 O-O 11. Qe1 Bd7 12. Nb3 Nb4 13. Bd3 Nxd3 14. cxd3 b5
15. Rc1 Qb8 16. a5 Rc8 17. Qg3 e5 18. fxe5 dxe5 19. Bh6 Nh5 20. Qf3 Nf6 21. Nd5
Bd8 22. Bxg7 Qa7+ 23. Kh1 Kxg7 24. Nxf6 Be6 25. Qg3+ Kf8 26. Nxh7+ Ke8 27. Qxe5
Bc7 28. Nf6+ Kf8 29. Qc5+ Qxc5 30. Nxc5 Bxa5 31. d4 Bc4 32. Rf3 Bd2 33. Rc2 Bb4
34. Nfd7+ Ke7 35. Nb6 1-0

[Event "Collado Villalba op-A 35th"]
[Site "Collado Villalba ESP"]
[Date "2018.09.01"]
[Round "9.10"]
[White "Martin Martin, Luis Vicente"]
[Black "Lopez Heras, Arturo"]
[Result "1/2-1/2"]
[WhiteElo "1998"]
[BlackElo "1863"]
[PlyCount "41"]
[EventDate "2018.08.24"]
[EventType "swiss"]
[EventRounds "9"]
[EventCountry "ESP"]
[SourceTitle "Ajedrez en Madrid"]
[Source "lmi"]
[SourceDate "2018.08.24"]

1. d4 c5 2. c3 Nf6 3. Nf3 e6 4. Bf4 Be7 5. e3 d6 6. dxc5 dxc5 7. Qxd8+ Bxd8 8.
Na3 a6 9. Nc4 Nbd7 10. Nd6+ Kf8 11. Nxc8 Rxc8 12. Bd6+ Be7 13. Bxe7+ Kxe7 14.
Bd3 c4 15. Bc2 Rhd8 16. O-O-O g6 17. Ng5 Nc5 18. Rd4 h6 19. Nf3 Rxd4 20. exd4
Nce4 21. Rf1 1/2-1/2